Таблицы давления паров индивидуальных веществ: пер. с англ.

書誌詳細
第一著者: Стэлл Д. Р.
言語:ロシア語
出版事項: Москва, Изд-во иностранной литературы, 1949
主題:
フォーマット: MixedMaterials 図書
KOHA link:https://koha.lib.tpu.ru/cgi-bin/koha/opac-detail.pl?biblionumber=192228

MARC

LEADER 00000nam0a2200000 4500
001 192228
005 20231031181055.0
035 |a (RuTPU)RU\TPU\book\209613 
090 |a 192228 
100 |a 20110221d1949 m y0rusy50 ca 
101 1 |a rus  |c eng 
102 |a RU 
105 |a y o 001zy 
200 1 |a Таблицы давления паров индивидуальных веществ  |e пер. с англ.  |f Д. Р. Стэлл 
210 |a Москва  |c Изд-во иностранной литературы  |d 1949 
215 |a 72 с. 
320 |a Библиогр.: с. 67-71. 
320 |a Алфавитный указатель неорганических соединений: с. 64-66. 
610 1 |a индивидуальные вещества 
610 1 |a пар 
610 1 |a давление 
610 1 |a органические вещества 
610 1 |a неорганические вещества 
610 1 |a таблицы 
675 |a 66.08  |v 3 
675 |a 544.27  |v 3 
700 1 |a Стэлл  |b Д. Р. 
801 1 |a RU  |b 63413507  |c 20110221 
801 2 |a RU  |b 63413507  |c 20130603  |g RCR 
942 |c BK